<?xml version="1.0" encoding="UTF-8"?>
<record
    xmlns:xsi="http://www.w3.org/2001/XMLSchema-instance"
    xsi:schemaLocation="http://www.loc.gov/MARC21/slim http://www.loc.gov/standards/marcxml/schema/MARC21slim.xsd"
    xmlns="http://www.loc.gov/MARC21/slim">

  <leader>04233nam a2200289   4500</leader>
  <controlfield tag="001">113358</controlfield>
  <controlfield tag="003">DR-UNIBE</controlfield>
  <controlfield tag="005">20250724062549.0</controlfield>
  <controlfield tag="008">250321b2000    ve ||||| |||| 00| 0 spa d</controlfield>
  <datafield tag="020" ind1=" " ind2=" ">
    <subfield code="a">9800769234</subfield>
  </datafield>
  <datafield tag="040" ind1=" " ind2=" ">
    <subfield code="a">BIBLIOTECA UNIBE</subfield>
    <subfield code="c">BIBLIOTECA UNIBE</subfield>
  </datafield>
  <datafield tag="041" ind1=" " ind2=" ">
    <subfield code="a">spa</subfield>
  </datafield>
  <datafield tag="082" ind1=" " ind2=" ">
    <subfield code="2">22</subfield>
    <subfield code="a">347.8705 A162c 2000</subfield>
  </datafield>
  <datafield tag="100" ind1=" " ind2=" ">
    <subfield code="a">Abreu Burelli, Alirio,</subfield>
    <subfield code="d">1917-2010</subfield>
    <subfield code="e">autor</subfield>
    <subfield code="9">193294</subfield>
  </datafield>
  <datafield tag="100" ind1=" " ind2=" ">
    <subfield code="a">Mej&#xED;a Arnal, Luis Aquiles,</subfield>
    <subfield code="d">1944-2019</subfield>
    <subfield code="e">autor</subfield>
    <subfield code="9">193295</subfield>
  </datafield>
  <datafield tag="245" ind1="1" ind2="3">
    <subfield code="a">La casaci&#xF3;n civil /</subfield>
    <subfield code="c">Alirio Abreu Burelli, Luis Aquiles Mej&#xED;a Arnal</subfield>
  </datafield>
  <datafield tag="260" ind1=" " ind2=" ">
    <subfield code="a">Caracas :</subfield>
    <subfield code="b">Editorial Jur&#xED;dica Alva,</subfield>
    <subfield code="c">2000</subfield>
  </datafield>
  <datafield tag="300" ind1=" " ind2=" ">
    <subfield code="a">595 p&#xE1;ginas :</subfield>
    <subfield code="c">23 x 15 cm</subfield>
  </datafield>
  <datafield tag="504" ind1=" " ind2=" ">
    <subfield code="a">Incluye referencias bibliogr&#xE1;ficas e &#xED;ndice</subfield>
  </datafield>
  <datafield tag="505" ind1="0" ind2=" ">
    <subfield code="a">Presentaci&#xF3;n |
Introducci&#xF3;n |
I. ORIGEN Y EVOLUCI&#xD3;N DE LA CASACI&#xD3;N EN EUROPA |
1. Antecedentes de la casaci&#xF3;n, en Roma y en el derecho medieval |
2. La casaci&#xF3;n en Francia |
3. La casaci&#xF3;n en Italia |
4. La revisi&#xF3;n alemana |
5. La casaci&#xF3;n en Espa&#xF1;a |
II. LA CASACI&#xD3;N EN LATINOAM&#xC9;RICA |
1. La casaci&#xF3;n en Colombia |
2. La casaci&#xF3;n en Argentina |
3. La casaci&#xF3;n en Uruguay |
III. IMPLANTACI&#xD3;N Y EVOLUCI&#xD3;N DE LA CASACI&#xD3;N EN VENEZUELA |
1. Implantaci&#xF3;n y primer desarrollo de la casaci&#xF3;n en Venezuela |
2. El C&#xF3;digo de Procedimiento Civil de 1916 |
IV. CONCEPTO Y CLASIFICACI&#xD3;N DE LOS RECURSOS |
1. Concepto de recurso |
2. Clasificaci&#xF3;n de los recursos |
3. El sistema venezolano de los recursos |
V. CONCEPTOS FUNDAMENTALES DE LA CASACI&#xD3;N |
1. Naturaleza jur&#xED;dica |
2. Definici&#xF3;n |
3. Caracter&#xED;sticas de la casaci&#xF3;n |
4. Finalidades de la casaci&#xF3;n |
5. Fundamento constitucional del recurso |
6. Elementos y presupuestos de la casaci&#xF3;n |
7. Principios que rigen la casaci&#xF3;n venezolana |
VI. PRESUPUESTOS DE LA ADMISI&#xD3;N DEL RECURSO |
1. Cualidad de parte |
2. Agravio |
3. Sentencias recurribles |
4. Condiciones formales de interposici&#xF3;n del recurso |
EJERCICIOS |
VII. CASACI&#xD3;N POR QUEBRANTAMIENTO DE FORMAS PROCESALES EN MENOSCABO DEL DERECHO DE DEFENSA |
1. Distribuci&#xF3;n entre los errores relativos al orden del proceso, (errores in procedendo) y los cometidos al resolver la contraversia (errores in iudicando) |
2. Quebrantamiento de formas procesales en menoscabo del derecho de defensa |
EJERCICIOS |
VIII. CASACI&#xD3;N POR DEFECTOS DE FORMA DE LA SENTENCIA | 
1. Nulidad e inexistencia de la sentencia |
2. Principios que rigen la nulidad de la sentencia |
3. Examen de los vicios de la sentencia |
4. Conclusi&#xF3;n del examen de los requisitos de la sentencia |
EJERCICIOS |
IX. CASACI&#xD3;N POR INFRACCI&#xD3;N DE LA LEY |
1. Infracci&#xF3;n de ley y violaci&#xF3;n del derecho |
2. Aplicaci&#xF3;n del m&#xE9;todo silog&#xED;stico a las decisiones judiciales |
3. Motivos de casaci&#xF3;n por infracci&#xF3;n de la ley |
4. Influencia de la infracci&#xF3;n en el dispositivo |
EJERCICIOS |
X. CONTROL DEL ESTABLECIMIENTO Y APRECIACI&#xD3;N DE LOS HECHOS |
1. Planteamiento de la cuesti&#xF3;n |
2. Infracci&#xF3;n de una norma jur&#xED;dica expresa que regule el establecimiento o apreciaci&#xF3;n de los hechos o de las pruebas |
3. Suposici&#xF3;n |
4. Control de las pruebas no contempladas expresamente en la ley |
EJERCICIOS |
XI. TR&#xC1;MITE DEL RECURSO |
1. Anuncio del recurso de casaci&#xF3;n |
2. Admisi&#xF3;n del recurso de casaci&#xF3;n |
3. Formalizaci&#xF3;n del recurso de casaci&#xF3;n |
4. Contestaci&#xF3;n, r&#xE9;plica y contrarr&#xE9;plica |
5. Recusaci&#xF3;n e inhibici&#xF3;n de los magistrados |
XII. LA SENTENCIA DE CASACI&#xD3;N Y SUS EFECTOS |
1. Formaci&#xF3;n de la voluntad del tribunal colegiado |
2. Decisi&#xF3;n sobre recursos acumulados |
3. Declaratoria con lugar del recurso por defecto de actividad |
4. Declaratoria con lugar del recurso por infracci&#xF3;n de la ley |
5. Declaratoria sin lugar del recurso |
6. Casaci&#xF3;n de oficio |
7. Efectos de la sentencia de casaci&#xF3;n |
8. El juicio de reenv&#xED;o |
9. Recurso de nulidad |
10. Casaci&#xF3;n sin reenv&#xED;o |
Modelos de formalizaci&#xF3;n |
Ejemplo de escrito de formalizaci&#xF3;n |
Bibliograf&#xED;a
</subfield>
  </datafield>
  <datafield tag="650" ind1=" " ind2="7">
    <subfield code="2">lemb</subfield>
    <subfield code="a">Recurso de casaci&#xF3;n</subfield>
    <subfield code="z">Venezuela</subfield>
    <subfield code="9">197619</subfield>
  </datafield>
  <datafield tag="650" ind1=" " ind2="7">
    <subfield code="2">lemb</subfield>
    <subfield code="a">Procedimiento civil</subfield>
    <subfield code="z">Venezuela</subfield>
    <subfield code="9">197620</subfield>
  </datafield>
  <datafield tag="650" ind1=" " ind2="7">
    <subfield code="2">lemb</subfield>
    <subfield code="a">Recursos (Derecho)</subfield>
    <subfield code="9">5917</subfield>
  </datafield>
  <datafield tag="650" ind1=" " ind2="7">
    <subfield code="2">lemb</subfield>
    <subfield code="a">Apelaci&#xF3;n</subfield>
    <subfield code="z">Venezuela</subfield>
    <subfield code="9">197621</subfield>
  </datafield>
  <datafield tag="700" ind1=" " ind2=" ">
    <subfield code="a">Fix-Zamudio, H&#xE9;ctor,</subfield>
    <subfield code="d">1924-2021</subfield>
    <subfield code="e">prologuista</subfield>
    <subfield code="9">193299</subfield>
  </datafield>
  <datafield tag="942" ind1=" " ind2=" ">
    <subfield code="2">ddc</subfield>
    <subfield code="c">BK</subfield>
  </datafield>
  <datafield tag="999" ind1=" " ind2=" ">
    <subfield code="c">113358</subfield>
    <subfield code="d">113358</subfield>
  </datafield>
  <datafield tag="952" ind1=" " ind2=" ">
    <subfield code="0">0</subfield>
    <subfield code="1">0</subfield>
    <subfield code="2">ddc</subfield>
    <subfield code="7">0</subfield>
    <subfield code="8">GEN</subfield>
    <subfield code="a">Principal</subfield>
    <subfield code="d">2025-01-21</subfield>
    <subfield code="l">0</subfield>
    <subfield code="o">347.8705 A162c_2000</subfield>
    <subfield code="p">250180</subfield>
    <subfield code="r">2025-03-21 13:49:09</subfield>
    <subfield code="t">Ej. 1</subfield>
    <subfield code="w">2025-03-21</subfield>
    <subfield code="y">BK</subfield>
  </datafield>
</record>
